<A> privatizációs kihivás Közép-Kelet-Európában

Enregistré dans:
Détails bibliographiques
Format: Livre
Langue:hongrois
Publié: Budapest MTA Világgazdasági Kutató Intézet 1990
Édition:1. kiadás.
Tags: Ajouter un tag
Pas de tags, Soyez le premier à ajouter un tag!

MARC

LEADER 00000nam a2200000 4500
001 c021978
005 20221215130021.0
041 0 |a hun 
044 |a HU 
245 1 0 |a <A> privatizációs kihivás Közép-Kelet-Európában 
250 |a 1. kiadás. 
264 1 |a Budapest  |b MTA Világgazdasági Kutató Intézet  |c 1990 
300 |a 148 s.